Sermon on the mount : (Record no. 1326)

MARC details
000 -LEADER
fixed length control field 00757nam a2200253Ia 4500
001 - CONTROL NUMBER
control field 16896372
003 - CONTROL NUMBER IDENTIFIER
control field OSt
005 - DATE AND TIME OF LATEST TRANSACTION
control field 20180911091012.0
008 - FIXED-LENGTH DATA ELEMENTS--GENERAL INFORMATION
fixed length control field 871026s1987 ilu 000 0 eng d
020 ## - INTERNATIONAL STANDARD BOOK NUMBER
International Standard Book Number 0830810366
040 ## - CATALOGING SOURCE
Original cataloging agency CDC
Transcribing agency CDC
Modifying agency MAL
082 ## - DEWEY DECIMAL CLASSIFICATION NUMBER
Classification number 220
-- 241.53
Item number S888S
092 ## - LOCALLY ASSIGNED DEWEY CALL NUMBER (OCLC)
Classification number 226.21
Item number S888S
092 ## - LOCALLY ASSIGNED DEWEY CALL NUMBER (OCLC)
Classification number 226.9
Item number St7s
100 1# - MAIN ENTRY--PERSONAL NAME
Personal name Stott, John R. W.
245 10 - TITLE STATEMENT
Title Sermon on the mount :
Remainder of title seeking first the kingdom of God ; 13 studies for individuals or groups /
Statement of responsibility, etc. John Stott.
260 ## - PUBLICATION, DISTRIBUTION, ETC.
Place of publication, distribution, etc. Downers Grove, Ill. :
Name of publisher, distributor, etc. InterVarsity,
Date of publication, distribution, etc. c1987.
300 ## - PHYSICAL DESCRIPTION
Extent 80 p. ;
Dimensions 21 cm.
490 1# - SERIES STATEMENT
Series statement A Lifeguide Bible study
500 ## - GENERAL NOTE
General note "With notes for leaders."
630 00 - SUBJECT ADDED ENTRY--UNIFORM TITLE
Uniform title Sermon on the mount.
830 #0 - SERIES ADDED ENTRY--UNIFORM TITLE
Uniform title Lifeguide Bible study.
942 ## - ADDED ENTRY ELEMENTS (KOHA)
Source of classification or shelving scheme Dewey Decimal Classification
Koha item type Books
Holdings
Withdrawn status Lost status Source of classification or shelving scheme Damaged status Not for loan Collection code Home library Current library Shelving location Date acquired Cost, normal purchase price Total Checkouts Full call number Barcode Date last seen Price effective from Koha item type
    Dewey Decimal Classification     Non-fiction Harvest Mission College Harvest Mission College General Stacks 11.09.2018 200.00   220 S888S 003127 11.09.2018 11.09.2018 Books

OPAC Designed and Maintained by HMC Library Team.
Copyright © HMC Library,Greater Noida, UP.
For any Suggestions/Query Contact library via Email:libhmc@gmail.com